Adicción a la librería de Jueces, utilísima y universal, que para todos los desean imponerse en la Jurisprudencia Práctica, Derecho Real de España, y Reales Resoluciones más modernas de rigorosa observancia, y en especial para ABOGADOS, Alcaldes, Corregidores, Intendentes, Prelados, Regulares y Jueces Eclesiásticos, Párrocos, Regladores, Escribanos, Diputados, Sindicos y Personeras (Record no. 8549)
[ view plain ]
| 000 -CABECERA | |
|---|---|
| campo de control de longitud fija | 01687nam a2200241 a 4500 |
| 001 - NÚMERO DE CONTROL | |
| campo de control | BRCA_8898 |
| 005 - FECHA Y HORA DE LA ÚLTIMA TRANSACCIÓN | |
| campo de control | 20190320210442.0 |
| 008 - DATOS DE LONGITUD FIJA--INFORMACIÓN GENERAL | |
| campo de control de longitud fija | 160617s1779----sp-#######---#000-0#spa-# |
| 041 ## - CÓDIGO DE LENGUA | |
| Código de lengua del texto/banda sonora o título independiente | spa |
| 044 ## - CÓDIGO DEL PAÍS DE LA ENTIDAD EDITORA/PRODUCTORA | |
| Código MARC del país | sp |
| 084 ## - OTRO NÚMERO DE CLASIFICACIÓN | |
| Número de clasificación | CO67 |
| Número de documento/Ítem | .M37 1779 |
| 100 1# - ENTRADA PRINCIPAL--NOMBRE DE PERSONA | |
| Nombre de persona | Martínez, Manuel Silvestre |
| 9 (RLIN) | 21602 |
| 245 10 - MENCIÓN DE TÍTULO | |
| Título | Adicción a la librería de Jueces, utilísima y universal, que para todos los desean imponerse en la Jurisprudencia Práctica, Derecho Real de España, y Reales Resoluciones más modernas de rigorosa observancia, y en especial para ABOGADOS, Alcaldes, Corregidores, Intendentes, Prelados, Regulares y Jueces Eclesiásticos, Párrocos, Regladores, Escribanos, Diputados, Sindicos y Personeras |
| Mención de responsabilidad, etc. | escribió en 8 toms el Licenciado D.Manuel Silvestre Martínez... |
| 260 ## - PUBLICACIÓN, DISTRIBUCIÓN, ETC. | |
| Lugar de publicación, distribución, etc. | Madrid |
| Nombre del editor, distribuidor, etc. | En la Imprenta de Ramón Ruiz |
| Fecha de publicación, distribución, etc. | 1779 |
| 300 ## - DESCRIPCIÓN FÍSICA | |
| Extensión | [2], XVI, 306 p., 2a imp. |
| Dimensiones | 21.3 x 16 cm |
| 500 ## - NOTA GENERAL | |
| Nota general | Con licencia |
| 500 ## - NOTA GENERAL | |
| Nota general | En que se resumen y exponen todas las Pragmaticas, Reales Cédulas, Instrucciones, Ordenanzas, Reglamentos, Bandos y demás Providencias aun no recopiladas que concuerdan, derogan ó declaran las antiguas Disposiciones, ó dan otras nuevas por la serie de su Promulgación, y la que corresponde á los Titulos y Materias de que tratan donde van colocadas según el método de ducho Autor, y comprehende los postriores desde el año de 1774 hasta el de 1790 |
| 500 ## - NOTA GENERAL | |
| Nota general | Tomo I Y IX de dicha librería, Dedicado al Excmo. Sr. Marques de Baxamar, &c. Por Don Ramón Antonio de Higuera |
| 500 ## - NOTA GENERAL | |
| Nota general | Estado físico: presenta encuadernación en pergamino |
| 650 14 - PUNTO DE ACCESO ADICIONAL DE MATERIA--TÉRMINO DE MATERIA | |
| Término de materia o nombre geográfico como elemento de entrada | Jurisprudencia |
| Subdivisión cronológica | Obras anteriores a 1800 |
| Subdivisión geográfica | España |
| 9 (RLIN) | 22138 |
| 902 ## - CATALOGADOR | |
| Iniciales | CFM |
| 942 ## - ELEMENTOS DE PUNTO DE ACCESO ADICIONAL (KOHA) | |
| Fuente del sistema de clasificación o colocación | Library of Congress Classification |
| Tipo de ítem Koha | Libros |
| Estado de retiro | Estado de pérdida | Estado dañado | No para préstamo | Localización permanente | Ubicación/localización actual | Fecha de adquisición | Total de préstamos | Signatura topográfica completa | Código de barras | Fecha visto por última vez | Precio válido a partir de | Tipo de ítem Koha |
|---|---|---|---|---|---|---|---|---|---|---|---|---|
| El ejemplar forma parte de la colección y puede ser consultado según las políticas vigentes. | Biblioteca del Museo Franz Mayer (Rogerio Casas-Alatriste) | Biblioteca del Museo Franz Mayer (Rogerio Casas-Alatriste) | 16/06/2017 | CO67 .M37 1779 | CFM00221 | 22/03/2019 | 22/03/2019 | Libros |